000 00565nam a2200217Ia 4500
003 OSt
005 20220924135145.0
006 a|||||r|||| 00| 0
007 ta
008 220923b |||||||| |||| 00| 0 ben d
024 _a288781
037 _cTextual
040 _aARTS
_cARTS
_bben
041 _2ben
_aben
082 _aNW44xM67, 157N4
100 _aMukhopadhyay
_9154775
245 0 _aBharatiya chalachhitrer pothikot Hiralal Sen
260 _c1994
942 _hNW44xM67, 157N4
_cTEXL
_2CC
999 _c439824
_d439824